Catálogo
 En Linea

Obras completas / (Registro nro. 39334)

Detalles MARC
000 -CABECERA
campo de control de longitud fija 00585nam a2200181 a 4500
001 - NÚMERO DE CONTROL
campo de control 000039844
005 - FECHA Y HORA DE LA ÚLTIMA TRANSACCIÓN
campo de control 20201002033751.0
008 - DATOS DE LONGITUD FIJA--INFORMACIÓN GENERAL
campo de control de longitud fija 130725s1950 sp 000 0 spa d
040 ## - FUENTE DE LA CATALOGACIÓN
Centro catalogador/agencia de origen DO-SdBNP
Lengua de catalogación spa
Centro/agencia transcriptor BNPHU
082 ## - NÚMERO DE LA CLASIFICACIÓN DECIMAL DEWEY
Número de clasificación xxx
100 1# - ENTRADA PRINCIPAL--NOMBRE DE PERSONA
Nombre de persona Darío, Rubén,
Fechas asociadas al nombre 1867-1916
9 (RLIN) 15535
245 10 - MENCIÓN DE TÍTULO
Título Obras completas /
Mención de responsabilidad, etc. Rubén Darío.
260 ## - PUBLICACIÓN, DISTRIBUCIÓN, ETC.
Lugar de publicación, distribución, etc. Madrid :
Nombre del editor, distribuidor, etc. Afrodisio aguado,
Fecha de publicación, distribución, etc. 1950-.
300 ## - DESCRIPCIÓN FÍSICA
Extensión v. ;
Dimensiones 16 cm.
490 1# - MENCIÓN DE SERIE
Mención de serie Paradilla del alcor
505 0# - NOTA DE CONTENIDO CON FORMATO
Información miscelánea v.2:
Título Semblanzas --
Información miscelánea v.3:
Título Viajes y crónicas --
Información miscelánea v.4:
Título Cuentos y novelas --
Información miscelánea v.5:
Título Poesía.
830 #0 - PUNTO DE ACCESO ADICIONAL DE SERIE-TÍTULO UNIFORME
Título uniforme Paradilla del alcor
9 (RLIN) 66035
Existencias
Estado de retiro Estado de pérdida Restricciones de uso No para préstamo Código de colección Localización permanente Ubicación/localización actual Ubicación en estantería Fecha de adquisición Número de inventario Total de préstamos Signatura topográfica completa Código de barras Fecha visto por última vez Precio válido a partir de Tipo de ítem Koha
      Excluido de préstamo Monografías: Libros y Folletos General General En catalogación 26.07.2013 LF1   v.2 39844-10 25.06.2020 25.06.2020 No se presta
      Excluido de préstamo Monografías: Libros y Folletos General General En catalogación 26.07.2013 LF1   v.3 39844-20 25.06.2020 25.06.2020 No se presta
        Monografías: Libros y Folletos General General En catalogación 26.07.2013 LF1   v.4 39844-30 25.06.2020 25.06.2020 Préstamo en sala
        Monografías: Libros y Folletos General General En catalogación 26.07.2013 LF1   v.5 39844-40 25.06.2020 25.06.2020 Préstamo en sala

Con tecnología Koha